Всичко е имало смисъл (Запис номер 484438)
[ съкратено ]
| 000 -Лидер | |
|---|---|
| Лидер | 01228nam a2200265 a 4500 |
| 003 - Код на организацията, давaща контролен номер | |
| Код на организацията, даваща контролен номер | BLK |
| 005 - Дата и час на последна редакция | |
| Дата и час на последна редакция | 20250709173439.0 |
| 008 - Елементи от данни с фиксирана дължина | |
| Елементи с фиксирана дължина | 221206b bu ||||| |||| 00| 0 bu d |
| 020 ## - Международен стандартен номер на книга ISBN | |
| ISBN | 9786199182345 |
| 040 ## - Източник на каталожния запис | |
| Код на библиотеката | BLK |
| 041 ## - Код за език | |
| Език | Български |
| Език за КДБФ | Български |
| 080 ## - УДК | |
| УДК текст | Българска литература |
| УДК код | 821.163.2 |
| УДК – определител | -9 |
| УДК – код + определител | 821.163.2-9 |
| 080 ## - УДК | |
| УДК текст | Други видове песни. Изпълнители |
| УДК код | 784.7.071.2 |
| УДК – определител | (497.2) |
| УДК – код + определител | 784.7.071.2(497.2) |
| 080 ## - УДК | |
| УДК текст | Български поп изпълнител, музикален продуцент, инструменталист, художник, текстописец |
| УДК код | 929 Киров, Любомир Цветанов |
| УДК – код + определител | 929 Киров, Любомир Цветанов |
| 100 ## - Редна дума - Автор | |
| Автор | Киров, Любо |
| R(LIN) | 488926 |
| Години, свързани с автора | 1972 |
| Пълна форма на името | Киров, Любомир Цветанов |
| 245 ## - Сведения за заглавието | |
| Заглавие | Всичко е имало смисъл |
| Авторска отговорност | предг. Любо Киров |
| 260 ## - Област на издателските данни | |
| 9 (RLIN) | 221615 |
| Място на издаване | София |
| Име на издателя | Catch a Story |
| Година на издаване | 2022 |
| Издателство - префикс ISBN | 978-619-90967- |
| 300 ## - Физическа характеристика | |
| Брой страници | 260 с. |
| Илюстрации | със сн. |
| Размер | 24 см |
| 380 ## - Жанр | |
| Жанр | Худож. лит. |
| 852 ## - Местоположение | |
| Сигнатура (форматна) | Цб 319465 |
| Отдел | Хранилище |
| 856 ## - Електронен адрес и достъп | |
| Инструкция (цена за достъп) | 0.00 |
| Права за достъп | disable |
| 942 ## - АРТИКУЛИ | |
| Вид на библиотечния документ | Книги |
| Скрит в OPAC | Не |
| Koha issues (borrowed), all copies | 77 |
| Периодичен библиозапис | Да |
| 944 ## - СЪЗДАВАНЕ И РЕДАКЦИЯ на ЗАПИСА | |
| Създаване/Редакция | Редакция |
| Дата на регистрацията/редакция | 2023-08-15 |
| Служител, извършил регистрацията/редакцията | 30576 |
| Номер на служител | Цветомила Тодорова |
| 999 ## - СИСТЕМНИ КОНТРОЛНИ НОМЕРА | |
| Koha biblionumber | 484438 |
| Koha biblioitemnumber | 484438 |
| Код за отписване | Код за изгубен артикул | Източник на класификационната схема | Код за повреда | Коз за рестрикции | Код за отдаване | Артикулен № | Име на библиотеката - собственик | Име на библиотеката, в която се намира в момента | Статус (Текущо местоположение) | Дата на вписване в системата | Местоположение - отдел | Цена в лева | Систематично азбучна сигнатура | Баркод | Цена в евро | Служебен тип на артикула | Инвентарен номер |
|---|---|---|---|---|---|---|---|---|---|---|---|---|---|---|---|---|---|
| Не е изгубен | Universal Decimal Classification | Не е повреден | без рестрикции | заемане за дома | 916022 | Регионална библиотека "Любен Каравелов" Русе | Регионална библиотека "Любен Каравелов" Русе | Заемна - подръчен фонд | 2022-12-07 | Заемна - подръчен фонд | 29.90 | 821.163.2-9/К 59 Л | 120000879043 | 15.29 | Книги | ||
| Не е изгубен | Universal Decimal Classification | Не е повреден | без рестрикции | заемане за дома | 916023 | Регионална библиотека "Любен Каравелов" Русе | Регионална библиотека "Любен Каравелов" Русе | Заемна - подръчен фонд | 2022-12-07 | Заемна - подръчен фонд | 29.90 | 821.163.2-9/К 59 Л | 120000879042 | 15.29 | Книги | ||
| Не е изгубен | Universal Decimal Classification | Не е повреден | без рестрикции | заемане за дома | 917428 | Регионална библиотека "Любен Каравелов" Русе | Регионална библиотека "Любен Каравелов" Русе | Заемна - подръчен фонд | 2022-12-09 | Заемна - подръчен фонд | 23.92 | 821.163.2-9/К 59 Л | 120000879165 | 12.23 | Книги | ||
| Не е изгубен | Universal Decimal Classification | Не е повреден | без рестрикции | заемане за дома | 917429 | Регионална библиотека "Любен Каравелов" Русе | Регионална библиотека "Любен Каравелов" Русе | Заемна - подръчен фонд | 2022-12-09 | Заемна - подръчен фонд | 23.92 | 821.163.2-9/К 59 Л | 120000879164 | 12.23 | Книги | ||
| Не е изгубен | Universal Decimal Classification | Не е повреден | само за читалня | ползва се в читалня | 932819 | Регионална библиотека "Любен Каравелов" Русе | Регионална библиотека "Любен Каравелов" Русе | Хранилище | 2023-08-16 | Хранилище | 24.90 | Цб 319465 | 120000891991 | 12.73 | Книги | 120000891991 |